000 00584nam a2200205Ia 4500
003 GCL
008 140319s9999 xx 000 0 eng d
040 _aGCL /
_cGCL
082 0 4 _a302.23
_bP N
100 1 _aPAVLIK, JOHN V
245 1 0 _aNEW MEDIA TECHNOLOGY: CULTURAL AND COMMERCIAL PERSPECTIVES /
_cPAVLIK, JOHN V
700 1 _aDENNIS, EVERETTE E
260 _a[S.N] :
_bALLYN AND BACON ،
_c1996
300 _a434 P
650 0 4 _aMASS MEDIA
650 0 4 _aTECHNOLOGICAL INNOVATIONS
650 0 4 _aECONOMIC ASPECTS
650 0 4 _aMASS MEDIA - SOCIAL ASPECTS
942 _2ddc
_cBK
999 _c21595
_d21595